00722nam a2200205Ia 4500003000400000005001700004006001800021007000300039008004100042037001700083040001800100041001300118082002400131100002600155245013200181260004400313942003200357999001900389952010800408OSt20220925231525.0a|||||r|||| 00| 0ta220923b |||||||| |||| 00| 0 eng d cGeneral Book aRTLcRTLbeng 2engaeng aY:5.235sN71, L2.SAT aCensus of India, 1971 0aDISTRICT CENSUS handbook, 1971. Maharashtrab Satara. Pt. 10-A Town and village directory , Pt. 10-B Primary census abstract  aMaharashtrabGovt. Press c1972 hY:5.235sN71, L2.SATcGB2CC c588690d588690 00104070aRTLbRTLd2022-09-25l0oY:5.235sN71 L2.SATpRT0765085r2022-09-25 00:00:00w2022-09-25yGB